000 00439nam a2200181Ia 4500
001 9412
003 IN-NITTTR
005 20251114233047.0
008 251113s9999||||xx |||||||||||||| ||eng||
040 _beng
040 _cIN-NITTTR
041 _aeng
082 _a371.207 B225E
100 _aBanghart, Frank W.
245 0 _aEducational planning. /
_cBanghart, Frank W., Trull, Albert
700 _a Trull, Albert
942 _2ddc
_cBK
999 _c12049
_d12049